000 00575nam a22001817a 4500
003 UA-OsUOA
001 17607
007 ta
008 20040317b un ||||| |||| 00| 0 ukr d
100 _aБасараба В.
942 _cSA
040 _aUA-OsUOA
_cUA-OsUOA
_dUA-OsUOA
245 _aКобзареве послання в прийдешнє
_b[Шевченківська естафета в обл.]
300 _aС.1,14
955 _a0
773 0 _w0
_tВільне слово
_dРівне
_d2004
_g№20/12 берез./
650 7 _aКраєзнавча робота
_2UDC
999 _c303775
_d303775